• 首页
  • 本馆介绍
  • 公告通知
  • 最新文献
  • 馆藏检索
  • 电子资源
  • 读者导购
  • 参考咨询
  • 我的图书馆
  • 登录
  • 详细信息显示
  • 放入我的书架
  • 预约/预借图书
  • 作者相关作品
  • 分类相关作品
  • 丛书相关作品
  • 出版社相关作品

书目信息

  • 表格格式
  • 工作单格式
  • 卡片格式
题名:
科技人才修养
    
 
作者: 刁纯志 主编
分册:  
出版信息: 成都   电子科技大学出版社  1990
页数: 248页
开本: 21cm
丛书名: 科普书屋
单 册:
中图分类: G316
科图分类:
主题词: 科学工作者--修养--高等学校--教材 , 科学工作者 , 修养
电子资源:
ISBN: 7-81016-273-X
000 00863oam2 2200277 45
001 012006200126
005 20070706144343.81
010    @a7-81016-273-X@dCNY20.00
092    @aCN@b499571
100    @a20060718e20051990em y0chiy0120 ea
101 0  @achi
102    @aCN@b510000
105    @aa z 000yy
200 1  @a科技人才修养@Ake ji ren cai xiu yang@f刁纯志主编@Fdiao chun zhi zhu bian
210    @a成都@c电子科技大学出版社@d1990@h2005重印
215    @a248页@c图@d21cm
225 2  @a科普书屋
330    @a本书主要内容:“中国科技人才历史使命”、“中国科技人才政治思想修养”、“科技人才心理素质修养”等。
461  0 @12001 @a科普书屋
606 0  @a科学工作者@x修养@x高等学校@j教材
606 0  @a科学工作者
606 0  @a修养
690    @aG316@v4
701  0 @a刁纯志@Adiao chun zhi@4主编
801  0 @aCN@bLZJBOOK@c20070706
905    @a10447@dG316@e22
    
    科技人才修养/刁纯志主编.-成都:电子科技大学出版社,1990(2005重印)
    248页:图;21cm.-(科普书屋)
    
    
    ISBN 7-81016-273-X:CNY20.00
    本书主要内容:“中国科技人才历史使命”、“中国科技人才政治思想修养”、“科技人才心理素质修养”等。
●
相关链接 在E读中查询图书 在五车中查询图书 在当当中查询图书 在豆瓣中查询图书


正题名:科技人才修养     索取号:G316/22         预约/预借

序号 登录号 条形码 馆藏地/架位号 状态 备注
1 0567771   205677711   第一样本阅览室/ [索取号:G316/22] 在馆    
2 0567772   205677720   第四借阅区/ [索取号:G316/22] 在馆    
3 0567773   205677739   第四借阅区/ [索取号:G316/22] 在馆    
4 0567774   205677748   第四借阅区/ [索取号:G316/22] 在馆    
5 0567775   205677757   第四借阅区/ [索取号:G316/22] 在馆    
6 0567776   205677766   第四借阅区/ [索取号:G316/22] 在馆    
7 0567777   205677775   第四借阅区/ [索取号:G316/22] 在馆    
8 0567778   205677784   第四借阅区/ [索取号:G316/22] 在馆    
唐山师范学院图书馆 欢迎您!
大连网信软件有限公司© 版权所有